LEADER 01918oam 2200469Ia 450 001 9910697498403321 005 20080821085248.0 035 $a(CKB)5470000002387954 035 $a(OCoLC)51277780 035 $a(EXLCZ)995470000002387954 100 $a20021227d2002 ua 0 101 0 $aeng 135 $aurmn||||||||| 181 $ctxt$2rdacontent 182 $cc$2rdamedia 183 $acr$2rdacarrier 200 00$aSurface-water data and statistics from U.S. Geological Survey data-collection networks in New Jersey on the World Wide Web$b[electronic resource] /$f[Robert G. Reiser ... and others] 210 1$a[Reston, Va.] :$cU.S. Dept. of the Interior, U.S. Geological Survey,$d[2002] 215 $a4 unnumbered pages $cdigital, PDF file 225 1 $aUSGS fact sheet ;$vFS-109-02 300 $aTitle from title screen (viewed on Aug. 20, 2008). 300 $a"October 2002." 320 $aIncludes bibliographical references. 517 2 $aSurface water data and statistics from U.S. Geological Survey data collection networks in New Jersey on the World Wide Web 606 $aHydrology$zNew Jersey$xInformation services 606 $aWater$zNew Jersey$xInformation services 606 $aStreamflow$zNew Jersey$xInformation services 606 $aStream-gaging stations$zNew Jersey$xInformation services 615 0$aHydrology$xInformation services. 615 0$aWater$xInformation services. 615 0$aStreamflow$xInformation services. 615 0$aStream-gaging stations$xInformation services. 701 $aReiser$b Robert G$01391000 712 02$aGeological Survey (U.S.) 801 0$bGIS 801 1$bGIS 801 2$bOCLCQ 801 2$bGPO 906 $aBOOK 912 $a9910697498403321 996 $aSurface-water data and statistics from U.S. Geological Survey data-collection networks in New Jersey on the World Wide Web$93546291 997 $aUNINA